00430nam a22001457a 4500020001800000082002000018100002100038245008000059250000900139260005200148300001000200650003400210650002500244650001500269 a9789348573155 aM080 007bMUS/E aMuse Mary George aEratta navulla manthravadhini madhavikutty padanangal/cby Muse Mary George a2nd. aThiruvananthapuram:bChintha Publishers,c2025. a120p. aLiterature Madhavikutty Study aLiterature Malayalam aLiterature